Hauptstädte Amerikas - anhand der ersten beiden Buchstaben in 60 Sekunden - Statistiken

Allgemein
  • Dieses Quiz wurde 1.242 mal gespielt
  • Das Durchschnittsergebnis liegt bei 19 aus 35
Antwortstatistiken
Hauptstadt % Korrekt
Wa
90%
Sa
82%
Sa
82%
Sa
82%
Sa
82%
Br
78%
Br
78%
Me
74%
Ot
69%
Pa
68%
Pa
68%
Bu
62%
Ca
58%
Ca
58%
Bo
57%
Li
55%
Mo
51%
As
50%
Ha
50%
Gu
49%
Qu
49%
Po
47%
Po
47%
Be
43%
St
43%
St
43%
Ma
42%
Ki
41%
Ki
41%
Te
40%
Ge
39%
Na
37%
Su
37%
Ba
30%
Ro
20%
Keine übereinstimmenden Quizze gefunden
Verteilung der Resultate
Anzahl Personen mit jedem Resultat
Perzentil nach korrekt beantworteten Fragen
Ihre Resultats-Entwicklung
Sie haben dieses Quiz noch nicht gespielt